000 01102nam a22003497a 4500
001 BR0202247
003 BR-BrBNA
005 20230928101052.0
007 ta
008 230509b bl.||||| |||| 00| 0 por d
040 _aBR-BrBNA
_bpor
_cBiblioteca Nacional de Agricultura
041 _a(Por)
072 _aL53
_b5213
090 _ 5213 BR0202247
100 1 _aMachado, P.F.A.
110 1 _aUniversidade Federal de Minas Gerais, Belo Horizonte (Brasil). Escola de Veterinária
_0Tese (Mestre em Zootecnia)
245 1 _aPredição de gestação de novilhas da raça Nelore acasaladas com um ano de idade em um rebanho do Estado de Minas Gerais
260 3 _aBelo Horizonte, MG (Brasil):
_c2000.
300 _a40 p.
500 _aSummaries (Eng, Por); 44 ref.; 10 tables; 8 illus.
650 _aGADO NELORE
650 _aREPRODUÇÃO ANIMAL
650 _aPRENHEZ
650 _aNOVILHO
650 _aEFICIÊNCIA REPRODUTIVA
650 _aGANHO DE PESO
650 _aDESMAMA
650 _aIDADE
650 _aMINAS GERAIS
909 _a202309
_bLucia
_c55
_dLucia Elande
942 _cBK
999 _c64110
_d64110